00501nam a2200169Ia 4500003000400000008004100004040001600045082001800061100003000079245005800109260004800167300001100215490000500226650002800231650003600259650003600295GCL140319s9999 xx 000 0 ara d aGCL / cGCL04a813.03bج خ1 aجمال الغيطانى10aخطط الغيطانى / cجمال الغيطانى a[S.N] : bمكتبة مدبولى ، c1991 a439 ص a04aالادب العربى04aالمقالات العربية04aالمقالات الرمزية